10 pays avec le plus d'expatriés français - Statistiques

Statistiques générales
  • Ce quiz a été pris 208 fois
  • Le résultat moyen est 8 sur 10
Statistiques - réponses
Nombre d'expatriés Pays % Correct
158 000 Etats-Unis
98%
85 000 Espagne
97%
45 000 Italie
96%
125 000 Belgique
95%
180 000 Suisse
94%
114 000 Allemagne
93%
101 000 Canada
93%
140 000 Royaume-Uni
85%
53 000 Maroc
59%
50 000 Israel
14%
Aucun quiz correspondant
Distribution des résultats
% des personnes avec chaque résultat
Percentile par nombre de réponses
Votre historique - résultats
Vous n’avez pas pris ce quiz